| 000 | 00601nam a2200193 u 4500 | ||
|---|---|---|---|
| 005 | 20230920063951.0 | ||
| 008 | 140527s2006 r 000 0 eng d | ||
| 035 | _aUPN01000197589 | ||
| 049 | _aF | ||
| 050 | 4 |
_aLC71 _bL4.2 |
|
| 100 | 1 |
_aLecay, Rosana _936268 |
|
| 245 | 1 | 0 |
_aBuen gobierno en la educación : _bla gobernanza de los sistemas educativos / _cRosana Lecay. |
| 260 |
_aMéxico : _bSNTE : _bFundación para la Cultura del Maestro, _c2006. |
||
| 300 | _a46 p. | ||
| 440 | 0 |
_aCuadernos de investigación ; _v1 |
|
| 650 | 4 |
_aEducación y Estado _919 |
|
| 905 | _aLibro | ||
| 999 |
_c169690 _d169690 |
||